000 00495nam a2200181Ia 4500
005 20250326141538.0
008 250326s9999 xx 000 0 und d
037 _aTextbook
040 _aFMSL
_beng
_cFMSL
041 _aeng
_2eng
084 _qFMSL
100 _ab
245 0 _aForeign trade review 1982 vol 16 and vol 17 no 2 & 3 Gap (April -June 1982)
_cb
260 _aIndian
_bIndian, Instiute of Foreign Trade
_c8888
300 _a6p
942 _cTB
999 _c1290804
_d1290804